東武伊勢崎線の歴代全駅名 - Statistics

General Stats
  • This quiz has been taken 73 times
  • The average score is 52 of 79
Answer Stats
No. 駅名 存在時期 % Correct
TS-01 浅草 1945-
100%
TS-02 浅草 1910-1931
100%
TS-02 とうきょうスカイツリー 2012-
89%
TS-02 業平橋 1931-2012
86%
TS-30 東武動物公園 1981-
86%
TI-10 館林 1907-
86%
TI-25 伊勢崎 1910-
86%
TS-03 押上 2003-
84%
TS-09 北千住 1899-
84%
TS-04 曳舟 1902-
82%
TS-17 獨協大学前 2017-
82%
TS-27 春日部 1949-
82%
TS-16 草加 1899-
80%
TS-21 越谷 1956-
80%
TI-18 太田 1909-
80%
TS-08 牛田 1932-
79%
TS-14 竹ノ塚 1900-
79%
TS-20 新越谷 1974-
79%
TS-22 北越谷 1956-
79%
TS-28 北春日部 1966-
79%
TI-02 久喜 1899-
79%
TS-05 東向島 1987-
77%
TS-10 小菅 1924-
77%
TS-11 五反野 1924-
77%
TS-13 西新井 1899-
77%
TS-24 せんげん台 1967-
77%
TI-07 羽生 1903-
77%
TS-06 鐘ヶ淵 1902-
75%
廃止 堀切 1902-1908
75%
TS-07 堀切 1924-
75%
TS-15 谷塚 1925-
75%
TS-17 松原団地 1962-2017
75%
廃止 新田 1899-1908
75%
TS-18 新田 1925-
75%
TS-19 蒲生 1899-
75%
TS-29 姫宮 1927-
75%
TI-03 鷲宮 1955-
75%
TI-09 茂林寺前 1927-
75%
TI-24 新伊勢崎 1910-
75%
TS-12 梅島 1924-
73%
TI-12 1928-
73%
TS-26 一ノ割 1926-
71%
TI-01 和戸 1899-
71%
TI-05 加須 1902-
71%
TI-06 南羽生 1968-
71%
TS-23 大袋 1926-
70%
TS-25 武里 1899-
70%
TI-15 足利市 1924-
70%
TS-30 杉戸 1899-1981
68%
TI-08 川俣 1903-
68%
TI-11 多々良 1937-
66%
TS-27 粕壁 1899-1949
64%
TI-04 花崎 1927-
64%
TI-16 野州山辺 1925-
64%
TI-14 東武和泉 1935-
63%
TI-21 世良田 1927-
61%
TI-22 境町 1910-
59%
TI-23 剛志 1910-
59%
TI-13 福居 1907-
57%
TI-20 木崎 1910-
57%
TI-17 韮川 1932-
54%
TS-21 越ヶ谷 1920-1956
52%
TS-22 越ヶ谷 1899-1919
52%
TI-19 細谷 1927-
52%
TS-01 浅草雷門 1931-1945
50%
TS-05 玉ノ井 1924-1987
50%
廃止 千住 1924-1930
45%
TS-02 吾妻橋 1902-1910
43%
TI-15 足利町 1907-1924
39%
廃止 中千住 1930-1953
38%
TI-03 鷲ノ宮 1902-1955
32%
廃止 請地 1931-1949
29%
廃止 隅田公園 1931-1958
23%
廃止 白鬚 1902-1908
23%
TS-22 武州大沢 1919-1956
21%
廃止 須影 1903-1908
20%
TI-06 須影 1927-1968
20%
TI-11 中野 1907-1937
20%
廃止 競馬場前 1932-1939
18%
No matching quizzes found
Score Distribution
Percent of People with Each Score
Percentile by Number Answered
Your Score History
You have not taken this quiz